Normal view
MARC view
- GIS in Remote Sensing - MS Thesis.
Entry Topical Term
001 - CONTROL NUMBER
- control field: 29020
003 - CONTROL NUMBER IDENTIFIER
- control field: NUST
005 - DATE AND TIME OF LATEST TRANSACTION
- control field: 20200317102736.0
008 - FIXED-LENGTH DATA ELEMENTS
- fixed length control field: 200317|| aca||aabn | a|a d
040 ## - CATALOGING SOURCE
- Original cataloging agency: NUST
- Transcribing agency: NUST
150 ## - HEADING--TOPICAL TERM
- Topical term or geographic name entry element: GIS in Remote Sensing - MS Thesis.
670 ## - SOURCE DATA FOUND
- Source citation: Work cat.: (NUST): Haseeb ur Rehman. 29019, Spatial Decision support system for Vehicle Routing wtih Consjtraints :, 2013.
